| 000 | 01489nam0a2200325 i 4500 | ||
|---|---|---|---|
| 001 | RU\NLR\BIBL_A\010795781 | ||
| 005 | 20240921112046.0 | ||
| 010 |
_a9785422006465 _9500 |
||
| 021 |
_aRU _b2015-41612 _92470 |
||
| 035 | _a(NILC)RuMoRGB-007948883 | ||
| 035 | _a(NLR Aleph) 010795781 | ||
| 090 |
_a10135653 _c10135653 |
||
| 100 | _a20150702d2015 k y0rusy50 ca | ||
| 101 | 0 | _arus | |
| 102 | _aRU | ||
| 105 | _ay|||z||||00yy | ||
| 200 | 1 |
_aСубстантив в языке: области концептуализации, категоризации, прагматизации _fР. А. Арчаков _gМ-во образования и науки РФ, Федер. гос. бюджет. образоват. учреждение высш. проф. образования "Пятигорский гос. лингвист. ун-т" |
|
| 210 |
_aПятигорск _cФГБОУ ВПО "Пятигорский государственный лингвистический университет" _d2015 |
||
| 215 |
_a189 с. _cил. _d21 |
||
| 320 | _aБиблиогр.: с. 161-188 (396 назв.) | ||
| 606 | 1 |
_aКатегория предметности _92253002 _3RU\NLR\AUTH\6601581745 |
|
| 610 | 0 | _aсубстантив в языке | |
| 686 | 1 | _aШ102 | |
| 686 | 1 | _aШ103.2 | |
| 700 | 1 |
_aАрчаков _bР. А. _gРустам Абукарович |
|
| 801 | 0 |
_aRU _bРГБ _c20150609 _gRCR |
|
| 942 | _cBOOK | ||
| 980 | _aNBR | ||